00626nam a2200193 a 450000100060000000300080000600500170001400800410003103500190007204000340009104100080012508200210013310000300015424501000018426000360028430000320032050400510035265000290040329790BD-RjUL20211209051448.0140407s1953 nyua b 001 0 eng d a(BD-RjUL)29875 aVCAVbengcVCAVdNUNdBD-RjUL aeng04a150.72bTOI 19531 aTownsend, John C.,d1820-10aIntroduction to experimental method for psychology and the social sciences /cJohn C. Townsend. aNew York :bMcGraw-Hill,c1953. aix, 220 p :bill. ;c24 cm. aIncludes bibliographical references and index. 0aPsychologyxMethodology.